<?xml version="1.0" encoding="UTF-8"?>
<record
    xmlns:xsi="http://www.w3.org/2001/XMLSchema-instance"
    xsi:schemaLocation="http://www.loc.gov/MARC21/slim http://www.loc.gov/standards/marcxml/schema/MARC21slim.xsd"
    xmlns="http://www.loc.gov/MARC21/slim">

  <leader>03307cam a2200337 a 4500</leader>
  <datafield tag="999" ind1=" " ind2=" ">
    <subfield code="c">1815</subfield>
    <subfield code="d">1815</subfield>
  </datafield>
  <controlfield tag="001">21044546</controlfield>
  <controlfield tag="003">OCoLC</controlfield>
  <controlfield tag="005">20180921102337.0</controlfield>
  <controlfield tag="008">890605s1989    ilu      b    001 0 eng  </controlfield>
  <datafield tag="010" ind1=" " ind2=" ">
    <subfield code="a">89050922</subfield>
  </datafield>
  <datafield tag="020" ind1=" " ind2=" ">
    <subfield code="z">0842326622</subfield>
    <subfield code="c">(cloth)</subfield>
  </datafield>
  <datafield tag="020" ind1=" " ind2=" ">
    <subfield code="z">0842328602</subfield>
    <subfield code="c">(paper)</subfield>
  </datafield>
  <datafield tag="040" ind1=" " ind2=" ">
    <subfield code="a">DLC</subfield>
    <subfield code="c">DLC</subfield>
    <subfield code="d">UUC</subfield>
    <subfield code="d">OUN</subfield>
  </datafield>
  <datafield tag="050" ind1="0" ind2="0">
    <subfield code="a">BP603</subfield>
    <subfield code="b">.L377 1989</subfield>
  </datafield>
  <datafield tag="082" ind1=" " ind2=" ">
    <subfield code="a">291</subfield>
    <subfield code="b">L334L</subfield>
  </datafield>
  <datafield tag="100" ind1="1" ind2=" ">
    <subfield code="a">Larson, Bob,</subfield>
    <subfield code="d">1944-</subfield>
  </datafield>
  <datafield tag="245" ind1="1" ind2="0">
    <subfield code="a">Larson's new book of cults /</subfield>
    <subfield code="c">Bob Larson</subfield>
  </datafield>
  <datafield tag="246" ind1="3" ind2="0">
    <subfield code="a">New book of cults</subfield>
  </datafield>
  <datafield tag="250" ind1=" " ind2=" ">
    <subfield code="a">Rev. ed</subfield>
  </datafield>
  <datafield tag="260" ind1=" " ind2=" ">
    <subfield code="a">Wheaton, Ill. :</subfield>
    <subfield code="b">Tyndale House,</subfield>
    <subfield code="c">c1989</subfield>
  </datafield>
  <datafield tag="300" ind1=" " ind2=" ">
    <subfield code="a">499 p. ;</subfield>
    <subfield code="c">21 cm</subfield>
  </datafield>
  <datafield tag="500" ind1=" " ind2=" ">
    <subfield code="a">Rev. ed. of Book of cults. c1982</subfield>
  </datafield>
  <datafield tag="504" ind1=" " ind2=" ">
    <subfield code="a">Includes bibliographical references (p. 481-487) and index</subfield>
  </datafield>
  <datafield tag="505" ind1="1" ind2=" ">
    <subfield code="a">Aetherius Society -- American Indian religions -- Ananda Marga Yoga Society -- Anthroposophical Society -- Arica Institute -- Asatru Free Assembly (Norse Neopaganism) -- Ascended Masters -- Assemblies of Yahweh -- Association for Research and Enlightenment (Edgar Cayce) -- Astara -- Astrology -- Bahaism -- Black magic -- Branhamism -- Children of love (Family of love) -- Christian Science -- Church of Armageddon (Love Family) -- Church of Bible Understanding (Forever Family) -- Church of the Living Word -- Church Universal and Triumphant -- Terry Cole-Whittaker -- Course in Miracles -- Crowleyism --Da Free John -- Divine Light Mission (Guru Maharaj Ji) -- ECKANKAR -- Esalen Institute -- est -- The Farm -- Findhorn Foundation -- Foundation Faith of God (Foundation Faith of the Millennium)--</subfield>
  </datafield>
  <datafield tag="505" ind1="1" ind2=" ">
    <subfield code="a">Foundation of Human Understanding (Roy Masters) -- Freemasonry -- Himalayan International Institute of Yoga Scoence and Philosophy (Swami Rami) -- Holism -- Holy Alamo Christian Church, Consecrated (Tony Alamo) -- Holy Order of MANS -- Human Potential Movement -- I AM Institute of Applied Metaphysics -- International Community of Christ / The Jamilians -- International Society of Krishna Consciousness (Hare Krishna) -- Jehovah's Witnesses -- Kirpal Light Satsung -- Krishnamurti Foundation of America -- Ku Klux Klan -- Life Training -- Lifespring -- Macumba -- Charles Manson cult -- Martial arts -- Mind Sciences -- Mormonism -- Muktananda Paramahansa (Shree Gurudev Siddha Yoga Ashram) -- Neo-Gnosticism -- New Age cults -- Nichiren Soshu / Soka Gakkai -- Nostradamus -- Penitentes --</subfield>
  </datafield>
  <datafield tag="505" ind1="1" ind2=" ">
    <subfield code="a">Ram Dass -- Rastafarianism -- Reorganized Church of Jesus Christ of Latter-Day Saints -- Rev. Ike -- Rosicrucianism -- Sathya Sai Baba -- Scientology -- Self-Realization Fellowship (Paramahansa Yogananda) -- Shree Rajneesh -- Sikh Foundation / 3HO Foundation (Yogi Bhajan) -- Silva Mind Control -- Snake handlers -- Spiritualism / Spiritism -- Sri Chinmoy -- Swami Kriyananda -- Subud/Renaissance (George Gurdjieff) -- Sufism Reoriented (Meher Baba) -- Swedenborgism -- Theosophy -- Trance channeling -- Transcendental meditation -- UFO's -- Unification Church (Rev. Sun Myung Moon) -- Unitarian Universalist Association -- Unity School of Christianity -- Urantia -- Vedanta Society (Swami Vivekananda) -- Voodoo / Santeria -- Witchcraft -- Worldwide Church of God (Armstronganism) -- Yoga</subfield>
  </datafield>
  <datafield tag="650" ind1=" " ind2="0">
    <subfield code="a">Cults</subfield>
  </datafield>
  <datafield tag="700" ind1="1" ind2=" ">
    <subfield code="a">Larson, Bob,</subfield>
    <subfield code="d">1944-</subfield>
    <subfield code="t">Book of cults</subfield>
  </datafield>
  <datafield tag="942" ind1=" " ind2=" ">
    <subfield code="2">ddc</subfield>
    <subfield code="c">BK</subfield>
  </datafield>
  <datafield tag="952" ind1=" " ind2=" ">
    <subfield code="0">0</subfield>
    <subfield code="1">0</subfield>
    <subfield code="2">ddc</subfield>
    <subfield code="4">0</subfield>
    <subfield code="7">0</subfield>
    <subfield code="8">NFIC</subfield>
    <subfield code="a">HMC</subfield>
    <subfield code="b">HMC</subfield>
    <subfield code="c">GEN</subfield>
    <subfield code="d">2018-09-21</subfield>
    <subfield code="g">520.00</subfield>
    <subfield code="l">0</subfield>
    <subfield code="o">291 L334L</subfield>
    <subfield code="p">000335</subfield>
    <subfield code="r">2018-09-21 00:00:00</subfield>
    <subfield code="w">2018-09-21</subfield>
    <subfield code="y">BK</subfield>
  </datafield>
  <datafield tag="952" ind1=" " ind2=" ">
    <subfield code="0">0</subfield>
    <subfield code="1">0</subfield>
    <subfield code="2">ddc</subfield>
    <subfield code="4">0</subfield>
    <subfield code="7">0</subfield>
    <subfield code="8">NFIC</subfield>
    <subfield code="a">HMC</subfield>
    <subfield code="b">HMC</subfield>
    <subfield code="c">GEN</subfield>
    <subfield code="d">2018-11-22</subfield>
    <subfield code="g">460.00</subfield>
    <subfield code="l">0</subfield>
    <subfield code="o">291 L334L</subfield>
    <subfield code="p">004352</subfield>
    <subfield code="r">2018-11-22 00:00:00</subfield>
    <subfield code="w">2018-11-22</subfield>
    <subfield code="y">BK</subfield>
  </datafield>
  <datafield tag="952" ind1=" " ind2=" ">
    <subfield code="0">0</subfield>
    <subfield code="1">0</subfield>
    <subfield code="2">ddc</subfield>
    <subfield code="4">0</subfield>
    <subfield code="7">0</subfield>
    <subfield code="8">NFIC</subfield>
    <subfield code="a">HMC</subfield>
    <subfield code="b">HMC</subfield>
    <subfield code="c">GEN</subfield>
    <subfield code="d">2020-03-09</subfield>
    <subfield code="l">0</subfield>
    <subfield code="o">291 L334L</subfield>
    <subfield code="p">010346</subfield>
    <subfield code="r">2020-03-09 00:00:00</subfield>
    <subfield code="w">2020-03-09</subfield>
    <subfield code="y">BK</subfield>
  </datafield>
  <datafield tag="952" ind1=" " ind2=" ">
    <subfield code="0">0</subfield>
    <subfield code="1">0</subfield>
    <subfield code="2">ddc</subfield>
    <subfield code="4">0</subfield>
    <subfield code="7">0</subfield>
    <subfield code="a">HMC</subfield>
    <subfield code="b">HMC</subfield>
    <subfield code="c">GEN</subfield>
    <subfield code="d">2026-04-08</subfield>
    <subfield code="l">0</subfield>
    <subfield code="o">291 L334L</subfield>
    <subfield code="p">013413</subfield>
    <subfield code="r">2026-04-08 10:27:19</subfield>
    <subfield code="w">2026-04-08</subfield>
    <subfield code="y">BK</subfield>
  </datafield>
</record>
